| 000 | 00781nam a22001577a 4500 | ||
|---|---|---|---|
| 005 | 20230616181028.0 | ||
| 008 | 230425b xxu||||| |||| 00| 0 eng d | ||
| 082 |
_a384.540 _bSHI |
||
| 100 | _aSheeparmatti, Basavaprabhu | ||
| 245 |
_aಸಮುದಾಯ ಬಾನುಲಿ ಕೇಂದ್ರಗಳ ರಚನೆ, ತಂತ್ರಜ್ಞಾನ ಮತ್ತು ವ್ಯಾಪ್ತಿ _bSamuday Banuli Kendragala Rachane, Tantrajyan Mattu Vyapti _cBasavaprabhu Sheeparmatti and Bharath Badiger |
||
| 260 |
_aBelagavi _bPrasaranga, Visveswaraya Technological University ( VTU ) _c2021 |
||
| 300 | _a52p. | ||
| 440 | _aJanpriya Taantrika Shikshana Maale (ಜನಪ್ರಿಯ ತಾಂತ್ರಿಕ ಶಿಕ್ಷಣ ಮಾಲೆ) | ||
| 650 | _aGeneral | ||
| 700 | _aBharath Badiger | ||
| 999 |
_c11649 _d11649 |
||